Is It That Country? II Quiz Stats

Quiz Updated Mar 14, 2014

Challenge
Share
Tweet
Score 0/30 Timer 06:00
6 Plays Today
% Correct
Of course not! (Russia)
96.7%
What gave it away? (North Korea)
94.1%
Yes! (New Zealand)
93.6%
Yes! (Finland)
92.2%
Yes! (Taiwan)
89.5%
Yes! (Malta)
87.4%
Yes! (Liechtenstein)
85.8%
Yes! (Belarus)
83.1%
YES! (Djibouti)
83.1%
Yes! (Venezuela)
82.7%
Yes! (Malaysia)
81.4%
Yes! (Guatemala)
81.2%
Yes! (Uzbekistan)
78.7%
Yes! (Ghana)
77.9%
No! (Mali)
76.8%
% Correct
No! (Central African Republic)
69.3%
Yes! (Mauritius)
65.8%
Yes! (Republic of the Congo)
64.9%
No! (Belize)
64%
Yes! (Trinidad and Tobago)
63.5%
No! (Bulgaria)
62.1%
No! (Singapore)
61.5%
No! (Paraguay)
60.3%
No! (United Arab Emirates)
57.9%
No! (Bosnia and Herzegovina)
55.4%
No! (Rwanda)
49.7%
No! (Palau)
38.4%
No! (Macedonia)
38.3%
No! (Lebanon)
32.7%
No! (Saint Vincent and the Grenadines)
26.2%

You're not logged in!

Compare scores with friends on all Sporcle quizzes.
Sign Up with Email
OR
Log In

You Might Also Like...

Show Comments

Extras

Top Quizzes Today


Score Distribution

Your Account Isn't Verified!

In order to create a playlist on Sporcle, you need to verify the email address you used during registration. Go to your Sporcle Settings to finish the process.

Report this User

Report this user for behavior that violates our Community Guidelines.

Details: